Europese Landen - Willekeurig Galgje - Statistieken

Algemene statistieken
  • Deze quiz is 424 keer genomen
  • De gemiddelde score is 5 van 7
Antwoordstatistieken
Letter % Correct
A
100%
A
100%
A
100%
A
100%
A
100%
E
100%
Ë
100%
Ë
100%
A
92%
L
91%
N
91%
E
90%
L
90%
O
89%
D
83%
D
83%
F
83%
I
83%
L
83%
L
83%
L
83%
N
83%
N
83%
N
83%
T
83%
D
82%
E
82%
N
82%
A
80%
A
80%
I
80%
A
78%
A
78%
D
78%
E
75%
D
73%
L
73%
S
73%
T
73%
A
70%
B
70%
U
70%
D
67%
N
67%
N
67%
R
67%
R
67%
A
60%
I
60%
N
60%
R
60%
S
60%
D
58%
I
58%
L
58%
L
58%
I
55%
N
50%
R
50%
B
40%
L
40%
R
40%
S
33%
J
27%
S
27%
K
20%
O
20%
T
20%
R
17%
U
17%
Geen overeenkomende quizzen gevonden
Scoreverdeling
Procent van Mensen met Elke Score
Percentiel versus Aantal Correcte Antwoorden
Uw Scoregeschiedenis
U heeft deze quiz nog niet genomen